000 00369nam a2200145Ia 4500
008 230711s9999||||xx |||||||||||||| ||und||
041 _aENG
082 _a621.3
_bUP-E
100 _aUppal,SL
245 0 _aElectrical wiring estimating and costing
250 _a1st Ed.
260 _c1999
_aNew Delhi
_bKhanna Publishers
650 _aElectrical Engineering
942 _cBK
999 _c3817
_d3817